| 000 | 01464cam a22003254a 4500 | ||
|---|---|---|---|
| 999 |
_c234909 _d234909 |
||
| 001 | 13130434 | ||
| 003 | Nust | ||
| 005 | 20170403112925.0 | ||
| 008 | 030320s2003 enka b 001 0 eng | ||
| 010 | _a 2003006474 | ||
| 020 | _a185383999X (alk. paper) | ||
| 020 | _a1853839949 (pbk. : alk. paper) | ||
| 040 |
_aDLC _cDLC _dDLC |
||
| 042 | _apcc | ||
| 050 | 0 | 0 |
_a333.91 FIG _b.R47 2003 |
| 082 | 0 | 0 |
_a333.91 FIG _221 |
| 245 | 0 | 0 |
_aRethinking water management : _binnovative approaches to contemporary issues / _cedited by Caroline M. Figuères, Cecilia Tortajada and Johan Rockström. |
| 260 |
_aLondon ; _aSterling, VA : _bEarthscan Publications, _c2005. |
||
| 300 |
_axiii, 242 p. : _bill. ; _c24 cm. |
||
| 500 | _aH.B | ||
| 504 | _aIncludes bibliographical references and index. | ||
| 650 | 0 |
_aWater-supply _xManagement. |
|
| 650 | 0 |
_aWater resources development _xGovernment policy. |
|
| 650 | 0 |
_aWater-supply _xManagement _xInternational cooperation. |
|
| 700 | 1 | _aFiguères, Caroline. | |
| 700 | 1 | _aRockström, Johan. | |
| 700 | 1 | _aTortajada, Cecilia. | |
| 856 | 4 | 1 |
_3Table of contents _uhttp://www.loc.gov/catdir/toc/ecip041/2003006474.html |
| 906 |
_a7 _bcbc _corignew _d1 _eecip _f20 _gy-gencatlg |
||
| 942 |
_2ddc _cBK _k333.91 FIG |
||